Počítače z hlediska uživatele /
Salvato in:
| Autori principali: | , |
|---|---|
| Natura: | Libro |
| Lingua: | ceco |
| Pubblicazione: |
Praha :
Státní pedagogické nakladatelství,
1987
|
| Tags: |
Nessun Tag, puoi essere il primo ad aggiungerne!!
|
MARC
| LEADER | 00000nam a22000003a 4500 | ||
|---|---|---|---|
| 001 | stu3501 | ||
| 005 | 20150617225615.7 | ||
| 008 | 930402s1987----cs------------------cze-d | ||
| 040 | |a STU |b slo | ||
| 041 | 0 | |a cze | |
| 044 | |a cs | ||
| 080 | |a 681.32 | ||
| 080 | |a 519.68 | ||
| 100 | 1 | |a Holešek, Jiří |4 aut | |
| 245 | 1 | |a Počítače z hlediska uživatele / |c [aut.] Holešek,Jiří; Kuba,Miroslav | |
| 260 | |a Praha : |b Státní pedagogické nakladatelství, |c 1987 | ||
| 300 | |a 238 s | ||
| 700 | 1 | |a Kuba, Miloslav |4 aut | |
| 996 | |b 284EK05360 |c E*68300 |l EE01 |s A |a 24 |w stu3501_0001 | ||